000
00299 a2200109 4500
001
ART_40830
005
20260410161942.0
008
260409a
245
1
0
_a
Teletrabajo
100
1
_a
Franzone, María Elena
773
0
_t
Temas de derecho laboral
_g
- Nº 12 (dic. 2016)
_w
REV27619
999
_c
29615
_d
29615